Statistics for Footballers who played for both A.C. Milan and Inter Milan (since 1998)

Click here to take the quiz!

General Stats

  • This quiz has been taken 555 times
  • The average score is 8 of 26

Answer Stats

Answer % Correct
MFAndrea Pirlo
82%
FWRonaldo
75%
FWZlatan Ibrahimović
73%
MFClarence Seedorf
64%
FWChristian Vieri
48%
FWMario Balotelli
44%
FWAntonio Cassano
39%
FWHernán Crespo
37%
FWGiampaolo Pazzini
36%
FWRoberto Baggio
29%
DFFrancesco Coco
29%
GKFrancesco Toldo
28%
MFSulley Muntari
28%
MFEdgar Davids
25%
MFPatrick Vieira
22%
DFDario Šimić
20%
DFThomas Helveg
17%
DFGiuseppe Favalli
17%
MFAndrés Guglielminpietro
16%
MFMancini
15%
MFCristian Brocchi
15%
DFTaribo West
13%
FWMaurizio Ganz
12%
DFChristian Panucci
9%
MFÜmit Davala
6%
MFDražen Brnčić
5%

Score Distribution

Percentile by Number Answered

Percent of People with Each Score

Your Score History

You have not taken this quiz